00617nam a2200205 a 45000010010000000030011000100080041000210350026000620820021000881000021001092450046001302600042001765000021002186500022002399420012002619520097002739900006003709980020003769990015003960000-8963ELIB.Books110520 1982  a(ELIB.Books)0000-9112 a259 bSou/259.07 aSouthard, Samuel aTraining Church Members For Pastoral Care bValley Forge: The Jadson Press c1982 aDr. Yahalaylayla aPastoral Theology 2ddccBK 00102ddc4070aKBTSbKBTSd2011-05-20l0p3169, 15177r2022-01-22 00:00:00w2022-01-22yBK a2 cbate2011-05-20 c8963d8963